| Tag |
First Indicator |
Second Indicator |
Subfields |
| LEADER |
00000cam a2200000 a 4500 |
| 001 |
in00000025100 |
| 005 |
20151007055725.0 |
| 008 |
870825s1987 enk b 00110 eng |
| 010 |
|
|
|a 87169107
|
| 020 |
|
|
|a 0566054493
|
| 035 |
|
|
|a (OCoLC)17841841
|
| 035 |
|
|
|9 AAB9077AM
|
| 040 |
|
|
|a DLC
|c DLC
|d TXA
|d UtOrBLW
|
| 043 |
|
|
|a a-cc---
|a e-ur---
|
| 049 |
|
|
|a TXAM
|c [A11089454]
|
| 050 |
0 |
0 |
|a DK68.7.C5
|b H32 1987
|
| 082 |
0 |
|
|a 327.47051
|2 19
|
| 100 |
1 |
|
|a Hart, Thomas G.
|
| 245 |
1 |
0 |
|a Sino-Soviet relations :
|b re-examining the prospects for normalization /
|c Thomas G. Hart.
|
| 264 |
|
1 |
|a Aldershot, Hants, England ;
|a Brookfield, Vt., USA :
|b Gower,
|c [1987]
|
| 264 |
|
4 |
|c ©1987
|
| 300 |
|
|
|a xiii, 128 pages ;
|c 23 cm.
|
| 336 |
|
|
|a text
|b txt
|2 rdacontent
|
| 337 |
|
|
|a unmediated
|b n
|2 rdamedia
|
| 338 |
|
|
|a volume
|b nc
|2 rdacarrier
|
| 490 |
1 |
|
|a Swedish studies in international relations ;
|v 19
|
| 504 |
|
|
|a Bibliography: pages [121]-125.
|
| 500 |
|
|
|a Includes index.
|
| 651 |
|
0 |
|a Soviet Union
|x Foreign relations
|z China.
|
| 651 |
|
0 |
|a China
|x Foreign relations
|z Soviet Union.
|
| 651 |
|
0 |
|a Soviet Union
|x Foreign relations
|y 1945-1991.
|
| 651 |
|
0 |
|a China
|x Foreign relations
|y 1949-
|
| 830 |
|
0 |
|a Swedish studies in international relations ;
|v 19.
|
| 999 |
|
|
|a MARS
|
| 999 |
f |
f |
|s 828cf498-86c2-35b4-a9ac-e44fc163e1ff
|i f9ce206f-917c-34a4-a841-a451707de1f2
|t 0
|
| 952 |
f |
f |
|p normal
|a Texas A&M University
|b College Station
|c Sterling C. Evans Library
|d Evans: Library Stacks
|t 0
|e DK68.7.C5 H32 1987
|h Library of Congress classification
|i unmediated -- volume
|m A14811089454
|
| 998 |
f |
f |
|a DK68.7.C5 H32 1987
|t 0
|l Evans: Library Stacks
|